Statistiques concernant 5 pays avec le moins de liberté de presse par continent (RSF)

Cliquez ici pour prendre le quiz!

Statistiques générales

  • Ce quiz a été pris 71 fois
  • Le résultat moyen est 14 sur 25

Statistiques - réponses

PaysScore% Correct
Russie34,77
91%
Chine22,97
83%
Corée du Nord21,72
83%
Biélorussie37,17
79%
Cuba29
76%
Iran24,81
71%
Venezuela36,99
66%
Soudan40,83
64%
Serbie59,16
62%
Fidji59,27
57%
Tonga71,29
53%
Libye40,22
52%
Papouasie Nouvelle Guinée67,62
52%
Colombie45,23
50%
Égypte33,37
50%
Nicaragua37,03
50%
Samoa82,15
48%
Albanie57,86
47%
Honduras32,65
47%
Australie78,24
43%
Érythrée27,86
36%
Grèce55,2
33%
Vietnam24,58
31%
Turkménistan25,82
28%
Djibouti35,87
16%

Distribution des résultats

Percentile par nombre de réponses

% des personnes avec chaque résultat

Votre développement - résultats

Vous n’avez pas pris ce quiz